000
00253nam a22000977a 4500
008
230714b |||||||| |||| 00| 0 eng d
020
_a
9781421585659
100
_a
GAUBATZ JAMES
_9
7696
245
_a
ONE PUNCH MAN-2
260
_a
SAN FRANCISCO
_b
2022
_c
VIZ MEDIA
999
_c
12367
_d
12367